Famous Lebron's - Statistics

General Stats
  • This quiz has been taken 2 times
  • The average score is 4 of 8
Answer Stats
Hint Answer % Correct
Good basketball player LeBron James
100%
made the trend of "very demure, very mindful" Jools Lebron
50%
Signed with the Phillies (baseball team) at 14 Jorge Lebrón
50%
professional Padel player Juan Lebrón Chincoa
50%
Puerto Rican actor/singer Juan Manuel Lebron
50%
Basketball Players child LeBron James Jr.
50%
Led armed assault on US house of rep. Lolita Lebrón
50%
Miss world in 1982 Mariasela Álvarez Lebrón
0%
No matching quizzes found
Score Distribution
Percent of People with Each Score
Percentile by Number Answered
Your Score History
You have not taken this quiz